000 01298nam a2200241Ii 4500
003 JO-AjNU
005 20240624102415.0
008 230605s9999||||xx |||||||||||||| ||und||
040 _aJO-AjNU
_bara
_erda
_cJO-AjNU
041 _aara
050 1 4 _aBP173.75 2017
100 1 _aجرادات ، عبدالله فهمي
_eمعد
_965513
245 0 0 _aالتحوط المالي ودوره في الحد من المخاطر في المصارف الاسلاميه الفلسطينيه (دراسه ميدانيه) =( Financial hedging and its role in risk reduction in palestinian islamic banks (An Empirical Study
_cاعداد عبدالله فهمي جرادات ؛ إشراف اسامة العاني
260 _c2017
300 _a165ورقة
336 _atext
_btxt
_2rdacontent
337 _aunmediated
_bn
_2rdamedia
338 _avolume
_bnc
_2rdacarrier
500 _aرساله جامعيه (ماجستير في المصارف الاسلاميه) - جامعة عجلون الوطنيه (عجلون ، الاردن) ، كلية ادارة الاعمال ، قسم المصارف الاسلاميه ، 2017
650 7 4 _aالمصارف الاسلاميه الفلسطينية- التحوط المالي
_958250
700 _aالعاني، أسامة
_950895
_eمشرف
942 _2lcc
_cTHS
999 _c29716
_d29716